LEADER 01621nam a2200289 i 4500 001 000000082750 003 CaOOAMICUS 005 20180404000000.0 008 180404s2018 it u000 u ita u 013 $a54990 020 $a978-88-17-09818-2 040 $aSeMil$bita 100 1 $aGiussani, Luigi,$c.$0(OLS)http://semarc/name/1272 245 10$aRealtŕ e giovinezza ; La sfida /$cLuigi Giussani ; [prefazione di Julián Carrón]. 246 04$iTitolo in copertina:$aAnch'io sono passato per la vostra etŕ e ho un pň la presunzione di essermela portata dietro. Essere giovani vuol dire avere fiducia in uno scopo. Senza scopo uno č giŕ vecchio 260 $aMilano :$bRizzoli,$c2018. 300 $aX, 272 p. ;$c23 cm. 500 $aContiene : Appendice ; Indice dei riferimenti biblici. 650 4$aGiussani, Luigi - Opere.$0(OLS)http://semarc/subject/1443 700 1 $aCarrón, Julián,$c.$0(OLS)http://semarc/name/3646 850 $aSeMil 852 $aSeMil$W1$xVenegono$y1$m2D VII 92$j256818$B47567$CSeMilBibl$Z2$F50349 $81 961 $aOmaggio: Delpini mons. Mario 996 $6020$a978-88-17-09818-2$9(OLS)http://semarc/number/271439 996 $6245$aRealtŕ e giovinezza ; La sfida$9(OLS)http://semarc/title/405223 996 $6246$aAnch'io sono passato per la vostra etŕ e ho un pň la presunzione di essermela portata dietro. Essere giovani vuol dire avere fiducia in uno scopo. Senza scopo uno č giŕ vecchio$9(OLS)http://semarc/title/405224 996 $6260$aMilano :$bRizzoli$9(OLS)http://semarc/publisher/29824 LEADER 01489nam a2200241 4500 001 000000359248 003 CaOOAMICUS 005 20260312125331.0 008 240806s1800 fr a 000 u fre r 026 $eonm- ese- iao, teno (3) 1800 (A) 040 $aSeMil$bita 100 11$aHuber, Michael,$d<1727-1804>.$0(OLS)http://semarc/name/120138 245 10$aTome trosičme renfermant l'École Italienne. 264 1$aA Zuric :$bchez Orell, Fussli et compagnie,$c1800. 300 $a[4], VI, [2], 329 [i.e. 309], [3] p. :$bill. ;$c8° 500 $aSegn.: ?˛ )(? A-T? U? (Le c. )(4 e U4 bianche) 700 1 $aRost, Carl Christian Heinrich,$d<1742-1798>.$0(OLS)http://semarc/name/120139 773 0 $aHuber, Michael <1727-1804>$tManuel des curieux et des amateurs de l'art, contenant une notice abrégée des principaux graveurs, et un catalogue raisonné de leurs meilleurs ouvrages; depuis le commencement de la gravure jusque ŕ nos jours: les artistes ranges par ordre chronologique, et divisés par école. Par M. Huber et C. C. H. Rost. Tome 1. [-8.].$dA Londres : chez Henri Escher, Broadstreet Bloomsbury, 1797-1804.$g3$w()359245 850 $aSeMil 852 $aSeMil$W1$xVenegono$y1$m3XC IV 23 FA$j250124$B250291$CSeMilBibl$Z2$F250291 $8I 996 $6245$aTome trosičme renfermant l'École Italienne$9(OLS)http://semarc/title/449688 996 $6264$aA Zuric :$bchez Orell, Fussli et compagnie$9(OLS)http://semarc/publisher/61870